The Skilled Reader (Record no. 6241)

MARC details
000 -LEADER
fixed length control field 00629nam a2200193 4500
020 ## - INTERNATIONAL STANDARD BOOK NUMBER
ISBN 0205573185
022 ## - INTERNATIONAL STANDARD SERIAL NUMBER
ISSN 9780205573189
050 ## - CALL NUMBER
Classification number LB1050
Item number .H38
100 ## - AUTHOR
Personal name Henry D.J.
245 ## - TITLE
Title The Skilled Reader
Statement of responsibility, etc D.J Henry
250 ## - EDITION
Edition statement 2nd Ed.
260 ## - PUBLICATION INFORMATION
Place of publication New York
Name of publisher Pearson Education Inc.
Year of publication 2008
300 ## - DESCRIPTION
Number of Pages xxv, 625 pages:
Other physical details illustrations (some color)
Dimensions 24 cm
500 ## - NOTES
General note Includes Index
505 ## - FORMATTED CONTENTS NOTE
Table of Content Part One. Becoming a skilled Reader<br/>Part Two. Additional Reading<br/>Part Three. Combined-Skilled Tests<br/>Part Four. Reading Enrichment<br/> Index
650 ## - SUBJECTS
Topical Term Reading.
650 ## - SUBJECTS
Topical Term Critical thinking.
942 ## - ADDED ENTRY ELEMENTS (KOHA)
Koha item type Books
Holdings
Withdrawn status Lost status Collection code Home library Current library Shelving location Date acquired Full call number Accession Number Koha item type
    Reference Methodist University Library Main Methodist University Library Main General Stacks 16/02/2013 LB1050 .H38 36916 Books
    Reference Methodist University Library Main Methodist University Library Main General Stacks 16/02/2013 LB1050 .H38 37766 Books
Copyright © 2026  MUG Library